000 00511nam a2200169 i 4500
001 34031
003 ES-MaACL
005 20230906154850.0
007 t|
008 030204q1958 sp ||||1| gao d
100 1 _aBlanco Freijeiro, Antonio.
_929252
245 1 0 _aPunta de Muller Mariña /
_cpor Antonio Blanco Freijeiro.
260 _a[Vigo :
_bGalaxia,
_c1958]
300 _a6 h. ;
_c21 cm.
500 _aEs separata de: Homaxe a Ramón Otero Pedrayo, p. 301-311.
852 _aES-MaACL
_j2113-F-9
_bR.100391
999 _c34031
_d34031